[Event "COL-ch U16 Girls Norte"]
[Site "Valledupar"]
[Date "2012.03.31"]
[Round "4"]
[White "Baquero, Claudia"]
[Black "Carcamo Posada, Daniela"]
[Result "0-1"]
[WhiteElo "1265"]
[BlackElo "1694"]
[PlyCount "39"]
[EventDate "2012.03.29"]
[EventType "tourn"]
[EventRounds "5"]
[EventCountry "COL"]
[SourceTitle "EXT 2013"]
[Source "ChessBase"]
[SourceDate "2012.11.22"]
[SourceVersion "1"]
[SourceVersionDate "2012.11.22"]
[SourceQuality "1"]

1. e4 d6 2. d4 Nf6 3. Nc3 g6 4. Nf3 Bg7 5. Bd3 0-0 6. 0-0 c5 7. dxc5 dxc5 8. Be3 Qc7 9. Qd2 Rd8 10. Rfd1 c4 11. Qc1 cxd3 12. cxd3 Bg4 13. Re1 Bxf3 14. gxf3 Rxd3 15. Ne2 Qxc1 16. Raxc1 Nc6 17. Nf4 Rd7 18. Red1 Nd4 19. Rf1 Nxf3+ 20. Kh1 0-1

[Event "COL-ch U16 Girls Norte"]
[Site "Valledupar"]
[Date "2012.03.29"]
[Round "1"]
[White "Baquero, Claudia"]
[Black "Mercado, Luisa Fernanda"]
[Result "0-1"]
[WhiteElo "1265"]
[BlackElo "2074"]
[PlyCount "33"]
[EventDate "2012.03.29"]
[EventType "tourn"]
[EventRounds "5"]
[EventCountry "COL"]
[SourceTitle "EXT 2013"]
[Source "ChessBase"]
[SourceDate "2012.11.22"]
[SourceVersion "1"]
[SourceVersionDate "2012.11.22"]
[SourceQuality "1"]

1. e4 e5 2. d3 d5 3. Bd2 Nf6 4. Nf3 Nc6 5. Nc3 Bg4 6. Qc1 Bxf3 7. gxf3 Nd4 8. Bg2 c6 9. 0-0 Bb4 10. Bg5 Bxc3 11. bxc3 Ne2+ 12. Kh1 Nxc1 13. Raxc1 Qa5 14. Bh3 Qxc3 15. Bxf6 gxf6 16. Rg1 Rd8 17. Rg4 0-1